| 000 | 01505nam a2200409 a 4500 | ||
|---|---|---|---|
| 001 | 000110471 | ||
| 003 | CHAP | ||
| 005 | 20220329144135.0 | ||
| 008 | 140902s2010 mx ab |r| |||||||spa d | ||
| 010 | _a106933 | ||
| 011 | _a107905 | ||
| 020 | _a9786078019182 | ||
| 040 | _cCHAP | ||
| 090 | _aFolleto 18467 | ||
| 100 | 1 |
_aRodríguez Contreras, Aarón _9128166 |
|
| 245 | 1 | 0 |
_aCatálogo de las áreas en México donde se aprovechan los tubérculos de papa silvestre (Solanum cardiophyllum y S. Ehrenbergii). / _cpor Aarón Rodríguez Contreras y José Luis Villa Vázquez. |
| 260 |
_aJalisco, Méx. : _bPrometeo Editores, _c2010. |
||
| 300 |
_a27 p. : _bil., cuadros., maps. |
||
| 490 | 1 |
_aPublicación de la red de la papa _pFolleto técnico _v; 1 |
|
| 504 | _aIncluye bibliografía | ||
| 590 |
_aE5995AHE _b05 _c20140902 _lUCH01 _h1152 |
||
| 590 |
_aE5995AHE _b05 _c20140902 _lUCH01 _h1201 |
||
| 590 |
_aE5995AHE _b05 _c20140902 _lUCH01 _h1208 |
||
| 590 |
_aE5995AHE _b05 _c20140902 _lUCH01 _h1214 |
||
| 590 |
_aE5995AHE _b05 _c20140902 _lUCH01 _h1301 |
||
| 590 |
_aE5995AHE _b05 _c20140902 _lUCH01 _h1301 |
||
| 650 | 1 | 4 |
_aCultivos _xZonas de. _930340 |
| 650 | 1 | 4 |
_aPapa. _985165 |
| 650 | 1 | 4 |
_aPapa _xAspectos económicos _xMéxico. _985179 |
| 650 | 1 | 4 |
_aRecursos genéticos. _995078 |
| 650 | 1 | 4 |
_aRegiones áridas. _995669 |
| 700 | 1 |
_aVilla Vázquez, José Luis _9128167 |
|
| 830 | 0 |
_aPublicación de la red de la papa _pFolleto técnico _v; 1 _9128168 |
|
| 901 | _aBK | ||
| 942 | _cFOLL | ||
| 942 | _n0 | ||
| 999 |
_c106933 _d106933 |
||